| 000 | 00000nam##2200000za#4500 |
| 001 | 9.570121 |
| 003 | CaOODSP |
| 005 | 20210624182105 |
| 007 | cr ||||||||||| |
| 008 | 150406|1994||||xxc|||||o f|0| 0 eng|d |
| 040 | |aCaOODSP|beng |
| 043 | |an-cn--- |
| 086 | 1 |aNM95-57/1-5-1994E-PDF |
| 110 | 1 |aCanada.|bCanadian Heritage. |bCanadian Conservation Institute. |
| 245 | 10|aApplying registration numbers to paintings and sculptures |h[electronic resource] |
| 260 | |aOttawa - Ontario : |bCanadian Heritage. |cc1994. |
| 300 | |a2p. |
| 490 | 1 |aCCI Notes |v1/5 |
| 500 | |aThe catalogue number (NM95-57/1-5-1994E) and ISSN (0714-6221) for the print edition have been incorrectly copied in this electronic publication. |
| 504 | |aBibliography. |
| 590 | |a11-09-Supp|b2011-06-30 |
| 775 | 08|tPose des numéros d'enregistrement sur les peintures et les sculptures |w(CaOODSP)9.600888 |
| 776 | 0#|tApplying registration numbers to paintings and sculptures |w(CaOODSP)9.611158 |
| 830 | #0|aCCI notes ;|v1/5|w(CaOODSP)9.506353 |
| 856 | 40|ahttp://publications.gc.ca|qPDF|s777 KB|uhttps://publications.gc.ca/collections/collection_2011/pc-ch/NM95-57-1-5-1994-eng.pdf|y1/5 |